Fyzika kovov a zliatin
| Hlavní autor: | Puškár, Anton, 1939- |
|---|---|
| Jazyk: | Čeština |
| Vydáno: |
Bratislava, 1978 |
| LEADER | 00490nam a22001692a 4500 | ||
|---|---|---|---|
| 001 | 000153975 | ||
| 003 | CZ BrMZK | ||
| 005 | 19961101143423.0 | ||
| 007 | ta | ||
| 008 | 950101s1978 xo f cze d | ||
| 040 | |a BOA001 |b cze | ||
| 100 | 1 | |a Puškár, Anton, |d 1939- |7 ola2002112308 | |
| 245 | 1 | 0 | |a Fyzika kovov a zliatin |
| 260 | |a Bratislava, |c 1978 | ||
| 910 | |a BOA001 |b 4-0710.815-78 | ||
| 990 | |a BK | ||
| 996 | 7 | |b 2619921324 |c 4-0710.815-78 |l MZK |r Sklad / do 1 hodiny |n 0 |w 000153975 |u 000010 |a 1 |e BOA001 |j MZK50 |s A | |
English
Čeština 